| 000 | 01231cam a22003737a 4500 | ||
|---|---|---|---|
| 003 | CHAP | ||
| 005 | 20220329133857.0 | ||
| 008 | 971013s1984 r 00010 d | ||
| 010 | _a12132 | ||
| 011 | _a13104 | ||
| 035 | _a17175 | ||
| 040 | _cCHAP | ||
| 090 | _aFolleto 10043 | ||
| 100 | 0 | 0 |
_aCarrillo A., Rómulo. _919440 |
| 245 | 0 | _aSistema de cultivo maíz-higuerilla-zapallo en zonas marginales | |
| 260 |
_aQuito : _bInstituto Nacional de Investigaciones Agropecuarias, _c1984 |
||
| 300 |
_a8 p. _b: ilus. |
||
| 490 | 0 |
_aINIAP. Boletín divulgativo _v; 150 |
|
| 590 |
_aBATCH-UPD _b10 _c20130109 _lUCH01 _h2356 |
||
| 590 |
_aBATCH-UPD _b10 _c20130110 _lUCH01 _h0907 |
||
| 590 |
_aBATCH-UPD _b10 _c20130409 _lUCH01 _h1929 |
||
| 590 |
_aBATCH-UPD _b10 _c20130410 _lUCH01 _h0533 |
||
| 590 |
_aBATCH-UPD _b10 _c20130914 _lUCH01 _h0813 |
||
| 590 |
_aCONVERSION _b10 _c20130109 _lUCH01 _h1308 |
||
| 650 | 1 | 4 |
_aCalabaza. _917261 |
| 650 | 1 | 4 |
_aCultivos asociados. _930370 |
| 650 | 1 | 4 |
_aHiguerilla. _955365 |
| 650 | 1 | 4 |
_aMaíz. _970848 |
| 700 | 0 |
_aHinostroza G., Francisco. _955536 |
|
| 830 | 0 |
_aINIAP. Boletín divulgativo _v; 150 _958605 |
|
| 901 | _aBK | ||
| 942 | _cFOLL | ||
| 949 |
_aFolleto 10043 _bBC _cFOLL _d-40747 _eTS1 _i17175 _si |
||
| 999 |
_c12132 _d12132 |
||